Electricidad (Record no. 50660)

MARC details
000 -LEADER
campo de control de longitud fija 00759nam a2200205 i 4500
001 - NÚMERO DE CONTROL
campo de control 50660
003 - IDENTIFICADOR DE NÚMERO DE CONTROL
campo de control ES-MaACL
005 - FECHA Y HORA DE LA ÚLTIMA TRANSACCIÓN
campo de control 20250824225405.0
007 - CAMPO FIJO DE DESCRIPCIÓN FÍSICA--INFORMACIÓN GENERAL
campo de control de longitud fija t|
008 - DATOS DE LONGITUD FIJA--INFORMACIÓN GENERAL
campo de control de longitud fija 030806s1969 sp ||||1| spa d
100 1# - ENTRADA PRINCIPAL--NOMBRE DE PERSONA
Nombre de persona Cubillo López, Eugenio.
9 (RLIN) 41948
245 10 - MENCIÓN DEL TÍTULO
Título Electricidad
Resto del título : primer curso de Ingenieros Técnicos Eléctricos /
Mención de responsabilidad, etc. por Eugenio Cubillo López... y Margarita Cubillo Font.
260 ## - PUBLICACIÓN, DISTRIBUCIÓN, ETC.
Lugar de publicación, distribución, etc. Madrid :
Nombre del editor, distribuidor, etc. Dossat,
Fecha de publicación, distribución, etc. [1969]
300 ## - DESCRIPCIÓN FÍSICA
Extensión 872, 60 p. :
Otras características físicas grab. ;
Dimensiones 25 cm.
490 1# - MENCIÓN DE SERIE
Mención de serie Libros Profesionales Industriales. Escuela de Electricistas ;
Designación de volumen o secuencia 1
700 1# - ENTRADA AGREGADA--NOMBRE PERSONAL
Nombre de persona Cubillo Font, Margarita.
9 (RLIN) 41947
830 00 - PUNTO DE ACCESO ADICIONAL DE SERIE-TÍTULO UNIFORME
Título uniforme Libros profesionales industriales (Dossat)
Designación de volumen o secuencia 1
9 (RLIN) 230140
852 ## - LOCALIZACIÓN
Ubicación ES-MaACL
Número de control de estantería P-1567
Sublocalización o colección R.71146
Holdings
Estatus retirado Estado de pérdida Estado de daño No para préstamo Biblioteca de origen Biblioteca actual Ubicación en estantería Fecha de adquisición Fuente de adquisición Total de préstamos Signatura topográfica completa Código de barras Visto por última vez Precio de reemplazo Tipo de ítem Koha
        Biblioteca del Ateneo de Madrid Biblioteca del Ateneo de Madrid Depósito 2 17/01/2008     P-1567 1053282 23/02/2023 23/02/2023 Libro impreso